[Event "19th 4NCL Congress"]
[Site "Telford"]
[Date "2018.07.15"]
[Round "4"]
[Board "6"]
[White "Mason, Donald J"]
[Black "Bin-Suhayl, Ieysaa"]
[Result "1/2-1/2"]
[WhiteElo "2133"]
[BlackElo "2078"]
[PlyCount "110"]
[EventDate "2018.07.13"]
[EventRounds "5"]
[EventCountry "ENG"]

1. e4 e6 2. d4 d5 3. Nd2 Nf6 4. e5 Nfd7 5. c3 c5 6. Bd3 b6 7. Ne2 Ba6 8. Bxa6
Nxa6 9. O-O Qc7 10. f4 Be7 11. Nf3 Qc6 12. Be3 Nc7 13. Rc1 a5 14. Ng3 g6 15.
Nh1 c4 16. Bf2 b5 17. Bh4 Nb6 18. Bxe7 Kxe7 19. Qe1 Qe8 20. Nf2 Kd7 21. Ng4 Qe7
22. Nf6+ Kd8 23. g4 Nd7 24. g5 h5 25. b3 Nb6 26. Nd2 Qa3 27. Rf2 Na6 28. Rc2
cxb3 29. axb3 Kc7 30. Qb1 Kd8 31. Ra2 Qe7 32. Rxa5 Qc7 33. Rxb5 Qc6 34. c4 dxc4
35. bxc4 Nxc4 36. Nxc4 Qxc4 37. Rb7 Nc7 38. Rb8+ Ke7 39. Rxh8 Rxh8 40. Qb6 Rd8
41. Qc5+ Qxc5 42. dxc5 Rd1+ 43. Rf1 Rd4 44. Kg2 Rc4 45. Rd1 Nd5 46. Nxd5+ exd5
47. Rxd5 Rxf4 48. c6 Rc4 49. Rd6 Rc5 50. Rd7+ Ke6 51. Rd6+ Kxe5 52. Rf6 Kd5 53.
Rxf7 Rxc6 54. Kg3 Ke5 55. h4 Rc3+  1/2-1/2

[Event "19th 4NCL Congress"]
[Site "Telford"]
[Date "2018.07.15"]
[Round "4"]
[Board "7"]
[White "Jarmany, John"]
[Black "Armstrong, Malcolm J"]
[Result "1-0"]
[WhiteElo "2110"]
[BlackElo "2077"]
[PlyCount "99"]
[EventDate "2018.07.13"]
[EventRounds "5"]
[EventCountry "ENG"]

1. d4 d5 2. c4 c6 3. Nf3 Nf6 4. Nc3 a6 5. e3 g6 6. Be2 Bg7 7. O-O O-O 8. a4 Bg4
9. Qb3 Ra7 10. a5 e6 11. h3 Bxf3 12. Bxf3 Nbd7 13. cxd5 exd5 14. Bd2 Re8 15.
Na4 Bf8 16. Rfd1 Bd6 17. Bb4 Qe7 18. Bxd6 Qxd6 19. Rac1 Kg7 20. Nb6 h5 21. g3
Nxb6 22. Qxb6 Qb8 23. Rc3 Nd7 24. Qb4 Nf6 25. Rdc1 Qd8 26. Rb3 Re7 27. Qc3 Qd6
28. Kg2 Ra8 29. Rb4 Rae8 30. Qb3 Rb8 31. Rb6 Qc7 32. Rcxc6 bxc6 33. Rxb8 Qxa5
34. Qb6 Qxb6 35. Rxb6 Rc7 36. b4 Kf8 37. Rxa6 Ke7 38. Ra1 Rb7 39. Rb1 Kd6 40.
Kf1 Ne8 41. Be2 Nc7 42. Bd3 Ra7 43. b5 cxb5 44. Bxb5 Rb7 45. Bd3 Rxb1+ 46. Bxb1
Ne6 47. h4 Ke7 48. f3 Kf6 49. Kg2 Ng7 50. Ba2  1-0

[Event "19th 4NCL Congress"]
[Site "Telford"]
[Date "2018.07.15"]
[Round "4"]
[Board "8"]
[White "Rushbrooke, Remy"]
[Black "Seymour, Timothy P"]
[Result "1/2-1/2"]
[WhiteElo "1875"]
[BlackElo "2035"]
[PlyCount "56"]
[EventDate "2018.07.13"]
[EventRounds "5"]
[EventCountry "ENG"]

1. Nf3 d5 2. g3 Nf6 3. Bg2 e6 4. O-O c5 5. c4 dxc4 6. Ne5 Nd5 7. Nc3 Be7 8.
Nxc4 Nc6 9. Ne3 Nxe3 10. dxe3 O-O 11. b3 Bf6 12. Bb2 Bd7 13. Rc1 Rb8 14. Qc2
Nb4 15. Qb1 Bc6 16. Bxc6 Nxc6 17. Rfd1 Qe7 18. Ne4 Bxb2 19. Qxb2 b6 20. Rd6 Nb4
21. Rcd1 Nd5 22. Qe5 Rfe8 23. Ng5 h6 24. e4 Nf6 25. Nf3 Rbd8 26. Rxd8 Rxd8 27.
Rd3 Rxd3 28. exd3 Qd8  1/2-1/2

[Event "19th 4NCL Congress"]
[Site "Telford"]
[Date "2018.07.15"]
[Round "4"]
[Board "9"]
[White "Sciupokas, Arunas"]
[Black "Ifalore, Michael"]
[Result "1-0"]
[WhiteElo "1944"]
[BlackElo "1867"]
[PlyCount "141"]
[EventDate "2018.07.13"]
[EventRounds "5"]
[EventCountry "ENG"]

1. e4 e5 2. Nf3 Nc6 3. Bb5 a6 4. Ba4 Nf6 5. O-O Be7 6. Re1 b5 7. Bb3 d6 8. c3
O-O 9. h3 Nb8 10. d4 Nbd7 11. Nbd2 Bb7 12. Bc2 Re8 13. Nf1 Bf8 14. d5 c6 15.
dxc6 Bxc6 16. Ng3 g6 17. Nh2 h5 18. Bg5 Qc7 19. Bb3 Qb7 20. Qf3 Kg7 21. Rad1
Be7 22. Qe3 d5 23. Bxf6+ Nxf6 24. exd5 Nxd5 25. Nxh5+ gxh5 26. Qxe5+ Bf6 27.
Qxh5 Nf4 28. Qg4+ Ng6 29. Qf5 Bxg2 30. Ng4 Qf3 31. Qd7 Rf8 32. Nxf6 Bxh3 33.
Bd5 Qxf6 34. Qxh3 Rh8 35. Qg3 Rh5 36. Kf1 Rd8 37. Qg2 Rg5 38. Qf3 Rf5 39. Qg3
Rh8 40. Rd4 Rhh5 41. Rg4 Kh7 42. Be4 Re5 43. Bxg6+ fxg6 44. Rxe5 Rxe5 45. Rxg6
Qxg6 46. Qxe5 Qb1+ 47. Kg2 Qxb2 48. Qh5+ Kg7 49. Qe5+ Kh7 50. Qe7+ Kh8 51. Qd8+
Kh7 52. Qa5 Qc2 53. Qxa6 Qxc3 54. Qxb5 Qg7+ 55. Kf3 Qc3+ 56. Kg4 Qd4+ 57. f4
Qd1+ 58. Kg5 Qd8+ 59. Kf5 Qc8+ 60. Kg5 Qd8+ 61. Kh5 Qd1+ 62. Kh4 Qh1+ 63. Kg5
Qg2+ 64. Kf6 Qg7+ 65. Kf5 Qf7+ 66. Ke4 Qxa2 67. Qf5+ Kg8 68. Qd5+ Qxd5+ 69.
Kxd5 Kf8 70. Ke6 Ke8 71. f5  1-0

[Event "19th 4NCL Congress"]
[Site "Telford"]
[Date "2018.07.15"]
[Round "4"]
[Board "10"]
[White "Yoon, Jacob D"]
[Black "Guha, Chirag"]
[Result "1-0"]
[WhiteElo "2002"]
[BlackElo "1912"]
[PlyCount "105"]
[EventDate "2018.07.13"]
[EventRounds "5"]
[EventCountry "ENG"]

1. e4 e5 2. Nf3 Nc6 3. Bc4 Nf6 4. d3 Bc5 5. c3 d6 6. h3 a6 7. Bb3 h6 8. O-O O-O
9. Nbd2 Ba7 10. Re1 Nh5 11. Nf1 Qf6 12. Be3 Bxe3 13. Nxe3 Ne7 14. d4 Nf4 15.
Kh2 Kh7 16. dxe5 dxe5 17. Nd5 Nexd5 18. exd5 Re8 19. Re3 Bf5 20. Bc2 Rad8 21.
Qb1 Bxc2 22. Qxc2+ Kg8 23. c4 Rd7 24. Rae1 Rde7 25. Qc3 Ng6 26. Kg1 Nf4 27.
Rxe5 Rxe5 28. Nxe5 Qg5 29. g3 Nxh3+ 30. Kg2 Nf4+ 31. Kf1 Ng6 32. Nxg6 Rxe1+ 33.
Qxe1 Qxg6 34. Qe8+ Kh7 35. Qe2 Qd6 36. Qe4+ g6 37. Qd4 Kg8 38. Kg2 h5 39. c5
Qd7 40. Kh2 f5 41. Qe5 Kf7 42. b4 Qe7 43. Qxe7+ Kxe7 44. f4 Kf6 45. Kh3 g5 46.
a4 b6 47. d6 Ke6 48. dxc7 Kd7 49. fxg5 Kxc7 50. g6 bxc5 51. bxc5 Kc6 52. g7
Kxc5 53. g8=Q  1-0

[Event "19th 4NCL Congress"]
[Site "Telford"]
[Date "2018.07.15"]
[Round "4"]
[Board "11"]
[White "Somton, Anita"]
[Black "De Coverly, Roger D"]
[Result "1-0"]
[WhiteElo "1843"]
[BlackElo "1939"]
[PlyCount "83"]
[EventDate "2018.07.13"]
[EventRounds "5"]
[EventCountry "ENG"]

1. e4 e5 2. Bc4 Nc6 3. Nf3 Nf6 4. d3 Be7 5. O-O O-O 6. c3 d6 7. Bb3 Na5 8. Bc2
c5 9. h3 a6 10. Nbd2 b5 11. d4 Qc7 12. d5 Bb7 13. b3 Rac8 14. Bb2 g6 15. c4 Nh5
16. Nh2 Rb8 17. Bc3 b4 18. Bb2 Bc8 19. Ng4 Bxg4 20. Qxg4 Nb7 21. Rae1 Qc8 22.
g3 Nf6 23. Qxc8 Rbxc8 24. Kg2 Nh5 25. f4 f6 26. Bd1 Ng7 27. f5 gxf5 28. exf5
Nd8 29. Ne4 Nf7 30. Bc1 h6 31. h4 Kh7 32. g4 Ne8 33. Kh3 Rc7 34. Rg1 Bd8 35.
Rg3 Ng7 36. Rf1 Rg8 37. g5 hxg5 38. hxg5 Nxg5+ 39. Bxg5 fxg5 40. f6 Rf8 41.
Nxg5+ Kg8 42. Ne6  1-0

[Event "19th 4NCL Congress"]
[Site "Telford"]
[Date "2018.07.15"]
[Round "4"]
[Board "12"]
[White "Rahulan, Thivyaa"]
[Black "Munshi, Aditya"]
[Result "1/2-1/2"]
[WhiteElo "1774"]
[BlackElo "1905"]
[PlyCount "99"]
[EventDate "2018.07.13"]
[EventRounds "5"]
[EventCountry "ENG"]

1. e4 c5 2. c3 Nf6 3. e5 Nd5 4. d4 cxd4 5. Nf3 e6 6. cxd4 d6 7. Bc4 Nc6 8. O-O
Be7 9. Qe2 O-O 10. Nc3 Nxc3 11. bxc3 dxe5 12. dxe5 b6 13. Bf4 Qc7 14. Bd3 Bb7
15. Qe4 g6 16. Qe2 Rfd8 17. h4 Rd5 18. Be4 Rd7 19. h5 Na5 20. hxg6 hxg6 21.
Rfd1 Rad8 22. Bxb7 Nxb7 23. Rxd7 Rxd7 24. Rd1 Nc5 25. Rxd7 Qxd7 26. Nd4 Qd5 27.
Qb5 Qd8 28. Nc6 Qd1+ 29. Qf1 Qd7 30. Nxe7+ Qxe7 31. Qd1 Qd7 32. Qxd7 Nxd7 33.
Kf1 Kf8 34. Ke2 Ke8 35. Kd3 Kd8 36. Kc4 Kc7 37. a3 Kc6 38. g3 Nc5 39. Be3 a6
40. Bxc5 bxc5 41. f4 Kb6 42. Kb3 Kb5 43. c4+ Ka5 44. a4 Kb6 45. Kc3 Kc6 46. a5
Kd7 47. Kd3 Ke8 48. Ke4 Kf8 49. g4 Kg7 50. g5  1/2-1/2

[Event "19th 4NCL Congress"]
[Site "Telford"]
[Date "2018.07.15"]
[Round "4"]
[Board "13"]
[White "Ansari, Athar"]
[Black "Woltery, Nicolai"]
[Result "1/2-1/2"]
[WhiteElo "1868"]
[BlackElo "1715"]
[PlyCount "85"]
[EventDate "2018.07.13"]
[EventRounds "5"]
[EventCountry "ENG"]

1. d4 Nf6 2. Nf3 g6 3. Bf4 Bg7 4. e3 O-O 5. c4 c5 6. Nc3 d6 7. Be2 Bf5 8. Qb3
Qb6 9. O-O Na6 10. Bg5 Qxb3 11. axb3 Nb4 12. Bxf6 Bxf6 13. dxc5 dxc5 14. e4 Bd7
15. e5 Bg7 16. Nd5 Nxd5 17. cxd5 a6 18. Ra5 Bg4 19. Re1 Rac8 20. h3 Bxf3 21.
Bxf3 c4 22. Bg4 Rc7 23. d6 exd6 24. exd6 Rc6 25. Rd5 Rd8 26. d7 Bf6 27. bxc4
Rc7 28. Re8+ Kg7 29. Rd6 h5 30. Rxd8 Bxd8 31. Be2 Kf8 32. f4 Ke7 33. Rd5 Rxd7
34. Rxd7+ Kxd7 35. Kf2 h4 36. Kf3 f6 37. f5 g5 38. Ke4 Kc6 39. Bf3 Kc5 40. Kd3
b6 41. Kc3 a5 42. b3 Bc7 43. Bd1  1/2-1/2

[Event "19th 4NCL Congress"]
[Site "Telford"]
[Date "2018.07.15"]
[Round "4"]
[Board "14"]
[White "Collins, Andrew"]
[Black "Tombolis, Christopher"]
[Result "0-1"]
[WhiteElo "1735"]
[BlackElo "1914"]
[PlyCount "102"]
[EventDate "2018.07.13"]
[EventRounds "5"]
[EventCountry "ENG"]

1. e4 c5 2. Nf3 Nc6 3. d4 cxd4 4. Nxd4 Nf6 5. Nc3 g6 6. Be3 Bg7 7. Be2 O-O 8.
O-O d6 9. Qd2 Bd7 10. Rad1 a6 11. a3 Qc7 12. h3 Rac8 13. Rc1 Ne5 14. f4 Nc4 15.
Bxc4 Qxc4 16. Qd3 b5 17. f5 e5 18. Nb3 Qxd3 19. cxd3 gxf5 20. exf5 Rfe8 21. Bg5
Nh5 22. g4 Nf4 23. Bxf4 exf4 24. Rxf4 Bh6 25. g5 Bxg5 26. Rg4 f6 27. h4 Bxf5
28. Rg3 Re3 29. Rg2 Bh3 30. hxg5 Bxg2 31. Kxg2 fxg5 32. Rd1 h5 33. Rd2 Rce8 34.
Nd4 R8e5 35. Ne4 g4 36. Nxd6 h4 37. N6f5 Rh3 38. Nh6+ Kg7 39. Nhf5+ Kg6 40. Rf2
Kg5 41. Rd2 Rxf5 42. Nxf5 Kxf5 43. d4 Ke6 44. d5+ Kd6 45. Rd4 Rg3+ 46. Kf2 a5
47. Rd2 Rf3+ 48. Kg2 h3+ 49. Kh2 Rb3 50. Rd4 Rxb2+ 51. Kg3 Rg2+  0-1

[Event "19th 4NCL Congress"]
[Site "Telford"]
[Date "2018.07.15"]
[Round "5"]
[Board "1"]
[White "Willow, Jonah B"]
[Black "Kalavannan, Koby"]
[Result "1/2-1/2"]
[WhiteElo "2210"]
[BlackElo "2277"]
[PlyCount "31"]
[EventDate "2018.07.13"]
[EventRounds "5"]
[EventCountry "ENG"]

1. e4 c5 2. Nf3 Nc6 3. d4 cxd4 4. Nxd4 g6 5. c4 Nf6 6. Nc3 d6 7. f3 Nxd4 8.
Qxd4 Bg7 9. Be3 O-O 10. Qd2 Be6 11. Rc1 a6 12. Be2 Rc8 13. b3 Qa5 14. Nd5 Qxd2+
15. Kxd2 Nxd5 16. cxd5  1/2-1/2

[Event "19th 4NCL Congress"]
[Site "Telford"]
[Date "2018.07.15"]
[Round "5"]
[Board "2"]
[White "De Verdier, Michael"]
[Black "Merry, Alan B"]
[Result "1-0"]
[WhiteElo "2298"]
[BlackElo "2460"]
[PlyCount "101"]
[EventDate "2018.07.13"]
[EventRounds "5"]
[EventCountry "ENG"]

1. c4 c5 2. g3 g6 3. Bg2 Bg7 4. Nc3 Nc6 5. Nf3 d6 6. O-O Qd7 7. e3 Bxc3 8. bxc3
b6 9. d3 Bb7 10. e4 O-O-O 11. Qe2 f6 12. Rd1 Qc7 13. d4 e5 14. d5 Na5 15. Nd2
Ba6 16. Nb3 Bxc4 17. Qb2 Nb7 18. Nd2 Bd3 19. c4 Be2 20. Re1 Bg4 21. a4 Ne7 22.
Nb3 a5 23. Nd2 Kb8 24. Nb1 g5 25. Re3 Rdf8 26. Rb3 Nc8 27. Nc3 h5 28. h3 Bd7
29. Rb1 Qd8 30. Be3 Rhg8 31. Kh2 f5 32. exf5 Bxf5 33. Be4 Bxe4 34. Nxe4 g4 35.
h4 Qc7 36. Ng5 Rf6 37. Kg1 Ka7 38. Ne6 Rxe6 39. dxe6 Nd8 40. e7 Nc6 41. Qc2
Qxe7 42. Qf5 Qe8 43. Qh7+ Ka6 44. Rb5 Nb4 45. R1xb4 axb4 46. a5 Rf8 47. Qc7
Qxb5 48. cxb5+ Kxb5 49. axb6 b3 50. b7 Nb6 51. Qxd6  1-0

[Event "19th 4NCL Congress"]
[Site "Telford"]
[Date "2018.07.15"]
[Round "5"]
[Board "3"]
[White "Wells, Peter K"]
[Black "Sowray, Peter J"]
[Result "0-1"]
[WhiteElo "2426"]
[BlackElo "2337"]
[PlyCount "80"]
[EventDate "2018.07.13"]
[EventRounds "5"]
[EventCountry "ENG"]

1. d4 d5 2. c4 e6 3. Nf3 Nf6 4. g3 dxc4 5. Bg2 a6 6. O-O Nc6 7. e3 Bd7 8. Qe2
Bd6 9. Rd1 O-O 10. e4 e5 11. dxe5 Nxe5 12. Nxe5 Bxe5 13. f4 Bd6 14. h3 Ba4 15.
Re1 Bc5+ 16. Be3 Bxe3+ 17. Qxe3 Bc2 18. Nc3 c6 19. Qf2 Bd3 20. Rad1 Qa5 21. e5
Nd5 22. Nxd5 cxd5 23. e6 fxe6 24. Rxe6 Rae8 25. Rde1 Be4 26. Bxe4 Rxe6 27.
Bxh7+ Kf7 28. Rxe6 Kxe6 29. Qe2+ Kd7 30. Qe5 Qc5+ 31. Kg2 Rf6 32. Qg5 Rf7 33.
Bf5+ Kc7 34. Be6 Re7 35. f5 b5 36. Qf4+ Kc6 37. Qb8 d4 38. b4 cxb3 39. axb3 Qd6
40. Qa8+ Kb6  0-1

[Event "19th 4NCL Congress"]
[Site "Telford"]
[Date "2018.07.15"]
[Round "5"]
[Board "4"]
[White "Clarke, Stuart Wc"]
[Black "Jarmany, John"]
[Result "1/2-1/2"]
[WhiteElo "2225"]
[BlackElo "2110"]
[PlyCount "65"]
[EventDate "2018.07.13"]
[EventRounds "5"]
[EventCountry "ENG"]

1. e4 c6 2. d4 d5 3. exd5 cxd5 4. c4 Nf6 5. Nc3 Nc6 6. Nf3 Bg4 7. cxd5 Nxd5 8.
Qb3 Bxf3 9. gxf3 e6 10. Qxb7 Nxd4 11. Bb5+ Nxb5 12. Qc6+ Ke7 13. Qxb5 Nxc3 14.
bxc3 Rb8 15. Qa4 Qd7 16. Qf4 Rd8 17. O-O f6 18. Rb1 Kf7 19. Qe4 f5 20. Qb7 Be7
21. Bf4 Rhe8 22. Bc7 Rc8 23. Be5 Red8 24. f4 Bf6 25. Rfd1 Qxb7 26. Rxb7+ Kg6
27. Rxd8 Rxd8 28. Rxa7 Rd5 29. Ra6 Kf7 30. Ra7+ Kg6 31. Ra6 Kf7 32. Ra7+ Kg6
33. Ra6  1/2-1/2

[Event "19th 4NCL Congress"]
[Site "Telford"]
[Date "2018.07.15"]
[Round "5"]
[Board "5"]
[White "Holland, James P"]
[Black "Mason, Donald J"]
[Result "1/2-1/2"]
[WhiteElo "2217"]
[BlackElo "2133"]
[PlyCount "70"]
[EventDate "2018.07.13"]
[EventRounds "5"]
[EventCountry "ENG"]

1. e4 e6 2. d4 d5 3. Nd2 Nf6 4. e5 Nfd7 5. Bd3 c5 6. c3 Nc6 7. Ne2 cxd4 8. cxd4
f6 9. exf6 Nxf6 10. Nf3 Bd6 11. O-O Qc7 12. h3 O-O 13. Be3 Bd7 14. Re1 Rae8 15.
Rc1 Qb8 16. Nc3 a6 17. Na4 e5 18. dxe5 Nxe5 19. Nxe5 Bxe5 20. Nc5 Bc8 21. Qb3
Kh8 22. Qb4 d4 23. Bxd4 a5 24. Bxe5 Rxe5 25. Qd4 Rd5 26. Qe3 b6 27. Na4 Bd7 28.
Bc4 Rh5 29. Nxb6 Ng4 30. Qg3 Qxb6 31. hxg4 Bxg4 32. Bf7 Rf5 33. Rc7 Rxf2 34.
Qxf2 Qxc7 35. Re8 Rxe8  1/2-1/2

[Event "19th 4NCL Congress"]
[Site "Telford"]
[Date "2018.07.15"]
[Round "5"]
[Board "6"]
[White "Bin-Suhayl, Ieysaa"]
[Black "Sciupokas, Arunas"]
[Result "0-1"]
[WhiteElo "2078"]
[BlackElo "1944"]
[PlyCount "96"]
[EventDate "2018.07.13"]
[EventRounds "5"]
[EventCountry "ENG"]

1. d4 Nc6 2. Nf3 d5 3. c4 Bg4 4. cxd5 Bxf3 5. exf3 Qxd5 6. Be3 e5 7. Nc3 Bb4 8.
Qd2 O-O-O 9. Nxd5 Bxd2+ 10. Bxd2 Rxd5 11. Bc4 Rd7 12. d5 Nd4 13. O-O Nf6 14. f4
Nxd5 15. Rae1 Nb6 16. Bd3 Nf3+ 17. gxf3 Rxd3 18. Bc3 exf4 19. Re7 Rd7 20. Rxd7
Kxd7 21. Rd1+ Kc8 22. Rd4 f6 23. Rxf4 Nd5 24. Re4 Nxc3 25. bxc3 Kd7 26. Rd4+
Ke7 27. Re4+ Kf7 28. Rd4 Re8 29. Rd7+ Re7 30. Rd8 Ke6 31. Kg2 Rd7 32. Re8+ Kd5
33. Re4 c5 34. Kg3 Kd6 35. h4 Re7 36. Rg4 h5 37. Ra4 b5 38. Ra5 Kc6 39. Ra6+
Kd5 40. a4 b4 41. cxb4 cxb4 42. Ra5+ Kc4 43. Rxh5 Rb7 44. Rh8 b3 45. Rc8+ Kb4
46. Rc1 b2 47. Rb1 Kc3 48. Kf4 Kc2  0-1

[Event "19th 4NCL Congress"]
[Site "Telford"]
[Date "2018.07.15"]
[Round "5"]
[Board "7"]
[White "Verma, Aditya"]
[Black "Yoon, Jacob D"]
[Result "1/2-1/2"]
[WhiteElo "2084"]
[BlackElo "2002"]
[PlyCount "62"]
[EventDate "2018.07.13"]
[EventRounds "5"]
[EventCountry "ENG"]

1. e4 e6 2. d4 d5 3. Nc3 dxe4 4. Nxe4 Bd7 5. Nf3 Bc6 6. Bd3 Nd7 7. O-O Ngf6 8.
Ng3 Bd6 9. Re1 Bxf3 10. Qxf3 c6 11. Nf5 Bf8 12. Qg3 Qb6 13. Nd6+ Bxd6 14. Qxd6
c5 15. dxc5 Qxc5 16. Qxc5 Nxc5 17. Bb5+ Ke7 18. Be3 Ncd7 19. Rad1 a6 20. Ba4 b5
21. Bb3 Rac8 22. c3 Rhd8 23. f3 Nc5 24. Rxd8 Kxd8 25. Bc2 Ke7 26. Rd1 Ncd7 27.
Bb1 h6 28. Bd4 Nc5 29. Be5 Rc6 30. Kf2 Ncd7 31. Bd4 Nb6  1/2-1/2

[Event "19th 4NCL Congress"]
[Site "Telford"]
[Date "2018.07.15"]
[Round "5"]
[Board "8"]
[White "Armstrong, Malcolm J"]
[Black "Rushbrooke, Remy"]
[Result "1-0"]
[WhiteElo "2077"]
[BlackElo "1875"]
[PlyCount "41"]
[EventDate "2018.07.13"]
[EventRounds "5"]
[EventCountry "ENG"]

1. e4 e5 2. Bc4 Nf6 3. d3 Nc6 4. Nf3 Be7 5. O-O O-O 6. Re1 d6 7. c3 d5 8. exd5
Nxd5 9. Nxe5 Nxe5 10. Rxe5 c6 11. Re1 Bd6 12. g3 Bh3 13. Qf3 Qd7 14. Bxd5 cxd5
15. Qxd5 Rae8 16. Be3 Qg4 17. Nd2 Rd8 18. Qg5 Qd7 19. Bd4 f5 20. f3 f4 21. g4
 1-0

[Event "19th 4NCL Congress"]
[Site "Telford"]
[Date "2018.07.15"]
[Round "5"]
[Board "9"]
[White "Gostelow, David W"]
[Black "Moore, Gerald"]
[Result "1/2-1/2"]
[WhiteElo "1918"]
[BlackElo "2073"]
[PlyCount "67"]
[EventDate "2018.07.13"]
[EventRounds "5"]
[EventCountry "ENG"]

1. d4 g6 2. e4 Bg7 3. Nf3 d6 4. Bc4 Nf6 5. Qe2 O-O 6. e5 Ne8 7. h3 c5 8. c3 Nc7
9. dxc5 dxe5 10. Nxe5 Be6 11. Bb3 a5 12. O-O a4 13. Rd1 Qc8 14. Bc2 Nd5 15. Na3
Qxc5 16. Ng4 Nd7 17. Be3 Nxc3 18. bxc3 Qxa3 19. Bd4 Bxd4 20. cxd4 Bxg4 21. hxg4
Nf6 22. Rd3 Qb2 23. Qd1 Rfc8 24. Rd2 Qc3 25. Rb1 Rc7 26. g5 Nd5 27. Be4 Nb4 28.
Rdb2 Rc4 29. Bxb7 Rd8 30. d5 Rd4 31. Qe2 Nxd5 32. Bxd5 R4xd5 33. Qxe7 Qe5 34.
Qxe5  1/2-1/2

[Event "19th 4NCL Congress"]
[Site "Telford"]
[Date "2018.07.15"]
[Round "5"]
[Board "10"]
[White "Seymour, Timothy P"]
[Black "Somton, Anita"]
[Result "1-0"]
[WhiteElo "2035"]
[BlackElo "1843"]
[PlyCount "65"]
[EventDate "2018.07.13"]
[EventRounds "5"]
[EventCountry "ENG"]

1. d4 Nf6 2. Nf3 d6 3. c4 Nbd7 4. Nc3 c6 5. e3 e5 6. Be2 Be7 7. O-O O-O 8. Qc2
a6 9. b3 b5 10. Bb2 Bb7 11. Rfd1 b4 12. dxe5 bxc3 13. exf6 cxb2 14. fxe7 Qxe7
15. Qxb2 Rad8 16. Nd4 c5 17. Nf5 Qe5 18. Qxe5 dxe5 19. Rd6 Nf6 20. Rad1 Rb8 21.
Bf3 e4 22. Be2 Kh8 23. g4 h6 24. Rb6 Kh7 25. Kf1 Rfc8 26. Nd6 Rc7 27. Nxb7
Rbxb7 28. Rxa6 Nd7 29. Rd5 f6 30. Bd1 g6 31. Bc2 Ra7 32. Rxa7 Rxa7 33. Bxe4  1-0

[Event "19th 4NCL Congress"]
[Site "Telford"]
[Date "2018.07.15"]
[Round "5"]
[Board "11"]
[White "Munshi, Aditya"]
[Black "Tombolis, Christopher"]
[Result "1/2-1/2"]
[WhiteElo "1905"]
[BlackElo "1914"]
[PlyCount "52"]
[EventDate "2018.07.13"]
[EventRounds "5"]
[EventCountry "ENG"]

1. e4 c5 2. Nf3 Nc6 3. Bb5 g6 4. Bxc6 dxc6 5. d3 Bg7 6. h3 e5 7. Nc3 Qe7 8. Be3
Nf6 9. Qd2 Nd7 10. O-O Nf8 11. Nh2 Ne6 12. Ne2 O-O 13. Rae1 c4 14. dxc4 Rd8 15.
Qc1 f5 16. f4 exf4 17. Nxf4 Nxf4 18. Bxf4 fxe4 19. Kh1 Qb4 20. Rxe4 Bxb2 21.
Qe3 Bf5 22. Re7 Bf6 23. Re6 Bd4 24. Qe2 Qb2 25. Ng4 Bxg4 26. hxg4 Rf8  1/2-1/2

[Event "19th 4NCL Congress"]
[Site "Telford"]
[Date "2018.07.15"]
[Round "5"]
[Board "12"]
[White "Guha, Chirag"]
[Black "Rahulan, Thivyaa"]
[Result "1/2-1/2"]
[WhiteElo "1912"]
[BlackElo "1774"]
[PlyCount "64"]
[EventDate "2018.07.13"]
[EventRounds "5"]
[EventCountry "ENG"]

1. d4 f5 2. g3 g6 3. Bg2 Bg7 4. c4 Nf6 5. Nf3 d6 6. Nc3 O-O 7. O-O c6 8. b4 Qe8
9. Qb3 e5 10. Rd1 e4 11. Ne1 Be6 12. f3 Qf7 13. d5 cxd5 14. cxd5 Nxd5 15. Rxd5
Bxd5 16. Qc2 Rc8 17. Bb2 exf3 18. Nxf3 Nd7 19. Qd2 Bxf3 20. Bxf3 Nb6 21. Rb1
Kh8 22. Nb5 Nc4 23. Qd5 Rf8 24. Bxg7+ Kxg7 25. Qxf7+ Rxf7 26. Bd5 Ne5 27. Bxf7
Nxf7 28. Rc1 a6 29. Nc7 Rb8 30. Nd5 Re8 31. Kf2 Re5 32. Ne3 Re7  1/2-1/2

[Event "19th 4NCL Congress"]
[Site "Telford"]
[Date "2018.07.15"]
[Round "5"]
[Board "13"]
[White "Ifalore, Michael"]
[Black "Towers, Brian"]
[Result "1-0"]
[WhiteElo "1867"]
[BlackElo "1746"]
[PlyCount "59"]
[EventDate "2018.07.13"]
[EventRounds "5"]
[EventCountry "ENG"]

1. d4 e6 2. e4 d5 3. Nc3 Nf6 4. Bg5 h6 5. Bxf6 gxf6 6. exd5 exd5 7. Qd2 Be6 8.
g3 c6 9. O-O-O Nd7 10. Re1 Qc7 11. Bh3 Qd6 12. f4 h5 13. Kb1 f5 14. Bxf5 O-O-O
15. Bd3 Bh6 16. Qf2 Nf6 17. h3 b5 18. Nf3 Kb7 19. Ne5 Rhf8 20. g4 hxg4 21. hxg4
Bg7 22. f5 Bc8 23. g5 Nd7 24. f6 Bxf6 25. gxf6 Nb6 26. Rh7 Be6 27. Bg6 Qc7 28.
Nxf7 Bxf7 29. Bxf7 Rxf7 30. Rxf7  1-0

[Event "19th 4NCL Congress"]
[Site "Telford"]
[Date "2018.07.15"]
[Round "5"]
[Board "14"]
[White "De Coverly, Roger D"]
[Black "Ansari, Athar"]
[Result "1-0"]
[WhiteElo "1939"]
[BlackElo "1868"]
[PlyCount "99"]
[EventDate "2018.07.13"]
[EventRounds "5"]
[EventCountry "ENG"]

1. e4 d5 2. exd5 Qxd5 3. Nc3 Qa5 4. d4 Nf6 5. Bc4 Bf5 6. Nf3 e6 7. Bd2 c6 8.
Qe2 Qc7 9. d5 cxd5 10. Nxd5 Nxd5 11. Bxd5 Nc6 12. O-O Be7 13. Bb3 O-O 14. h3
Rfd8 15. Bc3 Bb4 16. Bxb4 Nxb4 17. Rac1 Nc6 18. Rcd1 Na5 19. Nh4 Nxb3 20. Nxf5
exf5 21. axb3 Rxd1 22. Rxd1 Rd8 23. Rd3 Rxd3 24. Qxd3 g6 25. c3 b6 26. b4 Qf4
27. Qe2 Kg7 28. g3 Qe4 29. Qd2 Kf6 30. Qd8+ Qe7 31. Qxe7+ Kxe7 32. Kf1 Kd6 33.
Ke2 g5 34. Ke3 Kd5 35. Kd3 h5 36. c4+ Ke5 37. Ke3 f6 38. f4+ Kd6 39. Kd4 a6 40.
h4 gxh4 41. gxh4 Kc6 42. c5 b5 43. b3 Kc7 44. Kd5 Kd7 45. c6+ Kc7 46. Kc5 Kc8
47. Kb6 a5 48. bxa5 Kb8 49. c7+ Kc8 50. a6  1-0